Decorative typography
| Main Author: | |
|---|---|
| Other Authors: | |
| Format: | Book |
| Published: |
Oxford :
Phaidon Press Ltd ,
1990
|
| Subjects: |
MARC
| LEADER | 00000cam a2200000 7i4500 | ||
|---|---|---|---|
| 001 | 0000003519 | ||
| 005 | 20050503.0 | ||
| 020 | |a 0714826014 | ||
| 040 | |a INS | ||
| 090 | 0 | 0 | |a Z250.5.D57 |b G67 1990 |
| 100 | 1 | |a Gordon, Maggie | |
| 245 | 1 | 0 | |a Decorative typography |c Maggie Gordon |
| 260 | |a Oxford : |b Phaidon Press Ltd , |c 1990 | ||
| 300 | |a 143p. ; |c 24 cm. | ||
| 650 | 0 | 0 | |a Typography |
| 700 | 1 | |a Dodd, Eugenie | |
| 999 | |a 0000005120 |b BOOK |c Open Shelf |e Default branch | ||